[Event "NZL-ch Major"]
[Site "Auckland"]
[Date "2010.01.12"]
[Round "11"]
[White "Hair, Philip I"]
[Black "Wu, Sharon"]
[Result "0-1"]
[WhiteElo "1928"]
[BlackElo "1671"]
[PlyCount "76"]
[EventDate "2010.01.02"]
[EventType "swiss"]
[EventRounds "11"]
[EventCountry "NZL"]
[SourceTitle "CBM 134 Extra"]
[Source "ChessBase"]
[SourceDate "2010.03.03"]
[SourceVersion "1"]
[SourceVersionDate "2010.03.03"]
[SourceQuality "1"]

1. e4 e5 2. Nc3 Nf6 3. g3 Bc5 4. Bg2 a6 5. d3 Nc6 6. Nge2 d6 7. 0-0 Be6 8. h3 Nd7 9. Nd5 h5 10. Be3 f5 11. exf5 Bxf5 12. Bxc5 Nxc5 13. d4 Ne6 14. dxe5 dxe5 15. Ne3 Bg6 16. c3 h4 17. Qa4 Qd6 18. Rad1 Qc5 19. Qg4 Bf7 20. Rd5 Qe7 21. Nf5 Qf6 22. Nxh4 Bh5 23. Qc4 Ng5 24. Rd2 Bf7 25. Qa4 0-0 26. f4 exf4 27. Rxf4 Qe6 28. Kh2 Qe3 29. Qd1 Bh5 30. Rxf8+ Rxf8 31. g4 Rf2 32. Rd8+ Nxd8 33. Qxd8+ Kh7 34. Ng1 Bf7 35. Nf5 Qe5+ 36. Kh1 Bd5 37. Nh4 Rxg2 38. Nxg2 Qe4 0-1

[Event "NZL-ch Major"]
[Site "Auckland"]
[Date "2010.01.11"]
[Round "10"]
[White "Wu, Sharon"]
[Black "Li, William Xiang Wei"]
[Result "1-0"]
[WhiteElo "1671"]
[BlackElo "1579"]
[PlyCount "73"]
[EventDate "2010.01.02"]
[EventType "swiss"]
[EventRounds "11"]
[EventCountry "NZL"]
[SourceTitle "CBM 134 Extra"]
[Source "ChessBase"]
[SourceDate "2010.03.03"]
[SourceVersion "1"]
[SourceVersionDate "2010.03.03"]
[SourceQuality "1"]

1. e4 c5 2. Nf3 d6 3. Bb5+ Bd7 4. Bxd7+ Nxd7 5. c4 Ngf6 6. Nc3 g6 7. 0-0 Bg7 8. d3 0-0 9. h3 a6 10. Bf4 Rb8 11. Qa4 b5 12. cxb5 axb5 13. Nxb5 Qb6 14. Nc3 Qxb2 15. Rac1 Ra8 16. Qc2 Qxc2 17. Rxc2 Nh5 18. Bd2 Ne5 19. Nxe5 Bxe5 20. Nd5 e6 21. Nb6 Rad8 22. g3 Bd4 23. Bc3 Nxg3 24. Bxd4 Nxf1 25. Bb2 f5 26. Kxf1 fxe4 27. dxe4 Rf4 28. Re2 d5 29. a4 dxe4 30. a5 Rb8 31. Be5 Rxb6 32. axb6 Rf7 33. Rxe4 Rb7 34. Bc7 Kf7 35. Ra4 c4 36. Ra7 Rxb6 37. Bxb6+ 1-0

[Event "NZL-ch Major"]
[Site "Auckland"]
[Date "2010.01.07"]
[Round "6"]
[White "Wu, Sharon"]
[Black "Seabrook, Roy"]
[Result "0-1"]
[WhiteElo "1671"]
[BlackElo "1854"]
[PlyCount "76"]
[EventDate "2010.01.02"]
[EventType "swiss"]
[EventRounds "11"]
[EventCountry "NZL"]
[SourceTitle "CBM 134 Extra"]
[Source "ChessBase"]
[SourceDate "2010.03.03"]
[SourceVersion "1"]
[SourceVersionDate "2010.03.03"]
[SourceQuality "1"]

1. e4 e5 2. Nf3 Nc6 3. Bc4 Nf6 4. Ng5 d5 5. exd5 Na5 6. Bb5+ c6 7. dxc6 bxc6 8. Be2 h6 9. Nf3 e4 10. Ne5 Qd5 11. d4 Bb4+ 12. c3 Bd6 13. c4 Bb4+ 14. Nc3 Qd6 15. Bf4 Be6 16. Ng6 Qd7 17. Nxh8 Nxc4 18. Bxc4 Bxc4 19. a3 Ba5 20. b4 Bb6 21. Be5 Bd3 22. Ne2 Ng4 23. Bxg7 f6 24. Bxh6 Nxh6 25. Ng6 Bxd4 26. Nxd4 Qxd4 27. Nf4 Qc3+ 28. Qd2 Qxa1+ 29. Qd1 Qxa3 30. Nxd3 Qxd3 31. Qc1 Rd8 32. Qxc6+ Kf7 33. Qc1 Nf5 34. f3 exf3 35. gxf3 Re8+ 36. Kf2 Re2+ 37. Kg1 Qd4+ 38. Kf1 Qf2# 0-1

[Event "NZL-ch Major"]
[Site "Auckland"]
[Date "2010.01.04"]
[Round "3"]
[White "Ansell, Alan"]
[Black "Wu, Sharon"]
[Result "1-0"]
[WhiteElo "1922"]
[BlackElo "1671"]
[PlyCount "111"]
[EventDate "2010.01.02"]
[EventType "swiss"]
[EventRounds "11"]
[EventCountry "NZL"]
[SourceTitle "CBM 134 Extra"]
[Source "ChessBase"]
[SourceDate "2010.03.03"]
[SourceVersion "1"]
[SourceVersionDate "2010.03.03"]
[SourceQuality "1"]

1. d4 d5 2. Nf3 c5 3. c4 e6 4. cxd5 exd5 5. g3 Nf6 6. Bg2 Be6 7. 0-0 Nc6 8. a3 Be7 9. dxc5 Bxc5 10. b4 Bb6 11. Bb2 0-0 12. Nbd2 Nd7 13. Nb3 a5 14. Qd2 axb4 15. axb4 Qc7 16. Rfc1 Rxa1 17. Bxa1 Qd6 18. b5 Ne7 19. Ne1 Ne5 20. Nd3 Nxd3 21. Qxd3 Rd8 22. Rd1 Qd7 23. Nd4 Bg4 24. Qc3 f6 25. f3 Bh5 26. Qb3 Be8 27. Rb1 Nf5 28. e3 Bg6 29. Rd1 Bf7 30. Kh1 Nxd4 31. Bxd4 Bxd4 32. Rxd4 Qc7 33. f4 Qc5 34. h3 b6 35. Qd3 Qc1+ 36. Kh2 Re8 37. Bxd5 Qxe3 38. Bxf7+ Kxf7 39. Rd7+ Kf8 40. Qxe3 Rxe3 41. Rd6 Re2+ 42. Kg1 Rb2 43. Rxb6 Kf7 44. f5 g6 45. Rb7+ Kg8 46. fxg6 hxg6 47. b6 Kf8 48. Rb8+ Kf7 49. b7 Kg7 50. Kf1 g5 51. g4 Kh7 52. Ke1 Kg7 53. Kd1 Rb6 54. Kc2 Rc6+ 55. Kd3 Rc7 56. Kd4 1-0